[Event "Krasnodar Region-ch"]
[Site "Slaviansk na Kubani"]
[Date "2009.10.17"]
[Round "8"]
[White "Potrekeev, Pavel"]
[Black "Karabakhtsian, Adroniks"]
[Result "0-1"]
[WhiteElo "2152"]
[BlackElo "2319"]
[PlyCount "66"]
[EventDate "2009.10.17"]
[EventType "swiss"]
[EventRounds "9"]
[EventCountry "RUS"]
[SourceTitle "EXT 2013"]
[Source "ChessBase"]
[SourceDate "2012.11.22"]
[SourceVersion "1"]
[SourceVersionDate "2012.11.22"]
[SourceQuality "1"]

1. d4 Nf6 2. c4 e6 3. Nc3 Bb4 4. e3 b6 5. Bd3 Bb7 6. Nf3 Ne4 7. 0-0 Bxc3 8. bxc3 f5 9. Ne1 0-0 10. f3 Nf6 11. Nc2 d6 12. Qe2 Nbd7 13. e4 fxe4 14. fxe4 e5 15. d5 Nc5 16. Bg5 Qe8 17. Bxf6 Rxf6 18. Rxf6 gxf6 19. Ne3 Bc8 20. Rf1 Qg6 21. Nf5 Bxf5 22. Rxf5 Kf7 23. Qf3 Rg8 24. Be2 Ke7 25. g3 Qf7 26. Qe3 Rg7 27. Bh5 Qg8 28. Rf3 Rg5 29. Rf5 Rxf5 30. exf5 Qg5 31. Qe2 Qxf5 32. Bg4 Qb1+ 33. Kg2 Qe4+ 0-1

[Event "Anapa"]
[Site "Anapa"]
[Date "2009.09.08"]
[Round "12"]
[White "Kassimov, Baurzhan"]
[Black "Karabakhtsian, Adroniks"]
[Result "0-1"]
[WhiteElo "2248"]
[BlackElo "2319"]
[PlyCount "70"]
[EventDate "2009.08.30"]
[EventType "tourn"]
[EventRounds "13"]
[EventCountry "RUS"]
[EventCategory "3"]
[SourceTitle "CBM 132 Extra"]
[Source "ChessBase"]
[SourceDate "2009.11.03"]
[SourceVersion "1"]
[SourceVersionDate "2009.11.03"]
[SourceQuality "1"]

1. e4 e5 2. Nf3 Nc6 3. Bc4 Nf6 4. Ng5 d5 5. exd5 b5 6. Bf1 Nd4 7. c3 Nxd5 8. Nf3 Nxf3+ 9. Qxf3 c6 10. g3 f5 11. Bg2 g6 12. 0-0 Bg7 13. d3 0-0 14. Nd2 Be6 15. Nb3 f4 16. Nc5 Bc8 17. Qe2 h5 18. c4 Ne7 19. Bd2 bxc4 20. dxc4 f3 21. Bxf3 Rxf3 22. Qxf3 Qxd2 23. Rad1 Qa5 24. b4 Qc7 25. Qe3 Bh3 26. Rfe1 Nf5 27. Qg5 Nd4 28. Rxd4 exd4 29. Re7 Qd8 30. Ne4 Qf8 31. f4 Re8 32. Nf6+ Qxf6 33. Rxe8+ Kf7 34. Qxf6+ Bxf6 35. Ra8 d3 0-1

[Event "Anapa"]
[Site "Anapa"]
[Date "2009.09.02"]
[Round "4"]
[White "Karabakhtsian, Adroniks"]
[Black "Kostromin, Mikhail"]
[Result "1/2-1/2"]
[WhiteElo "2319"]
[BlackElo "2369"]
[PlyCount "84"]
[EventDate "2009.08.30"]
[EventType "tourn"]
[EventRounds "13"]
[EventCountry "RUS"]
[EventCategory "3"]
[SourceTitle "CBM 132 Extra"]
[Source "ChessBase"]
[SourceDate "2009.11.03"]
[SourceVersion "1"]
[SourceVersionDate "2009.11.03"]
[SourceQuality "1"]

1. e4 c5 2. Nf3 d6 3. d4 cxd4 4. Nxd4 Nf6 5. f3 a6 6. c4 e6 7. Nc3 b6 8. Be3 Nbd7 9. Be2 Bb7 10. 0-0 Be7 11. Qd2 0-0 12. a4 Qc7 13. a5 Rab8 14. b4 bxa5 15. b5 Nc5 16. bxa6 Bxa6 17. Ncb5 Qd7 18. Qxa5 Bb7 19. Rad1 Ra8 20. Qc3 Qc8 21. Rd2 Rd8 22. Rfd1 Ne8 23. Nb3 Nxb3 24. Qxb3 Bc6 25. Na7 Qb7 26. Qxb7 Bxb7 27. Rb2 Rd7 28. Nb5 Bc6 29. Rbd2 Rb7 30. Bf4 d5 31. exd5 exd5 32. Nd4 Ba4 33. Ra1 dxc4 34. Be3 Bc5 35. Nf5 Bxe3+ 36. Nxe3 Re7 37. Kf2 Bc6 38. Rxa8 Bxa8 39. Rd8 Bc6 40. Bxc4 Kf8 41. Nf5 Rd7 42. Rc8 Rc7 1/2-1/2

[Event "Anapa"]
[Site "Anapa"]
[Date "2009.09.01"]
[Round "3"]
[White "Gutenev, Alexander"]
[Black "Karabakhtsian, Adroniks"]
[Result "1-0"]
[WhiteElo "2347"]
[BlackElo "2319"]
[PlyCount "57"]
[EventDate "2009.08.30"]
[EventType "tourn"]
[EventRounds "13"]
[EventCountry "RUS"]
[EventCategory "3"]
[SourceTitle "CBM 132 Extra"]
[Source "ChessBase"]
[SourceDate "2009.11.03"]
[SourceVersion "1"]
[SourceVersionDate "2009.11.03"]
[SourceQuality "1"]

1. e4 e5 2. Nf3 Nc6 3. Bb5 Bc5 4. c3 f5 5. d4 fxe4 6. Bxc6 dxc6 7. Nxe5 Bd6 8. Qh5+ g6 9. Qe2 Nf6 10. Bg5 Bf5 11. Nd2 0-0 12. Qc4+ Kg7 13. g4 Bc8 14. Nxe4 Be7 15. Nxf6 Bxf6 16. Bf4 Qe7 17. 0-0 Bg5 18. Bg3 Bf4 19. Rae1 Be6 20. Qd3 Rae8 21. Bxf4 Rxf4 22. Qg3 Qf8 23. f3 Bd5 24. c4 Bxf3 25. Re3 Rxd4 26. Rfxf3 Qc5 27. Kg2 Rd2+ 28. Kh3 g5 29. Nd3 1-0

[Event "Anapa"]
[Site "Anapa"]
[Date "2009.08.30"]
[Round "1"]
[White "Petrov, Nikita"]
[Black "Karabakhtsian, Adroniks"]
[Result "0-1"]
[WhiteElo "2063"]
[BlackElo "2319"]
[PlyCount "50"]
[EventDate "2009.08.30"]
[EventType "tourn"]
[EventRounds "13"]
[EventCountry "RUS"]
[EventCategory "3"]
[SourceTitle "CBM 132 Extra"]
[Source "ChessBase"]
[SourceDate "2009.11.03"]
[SourceVersion "1"]
[SourceVersionDate "2009.11.03"]
[SourceQuality "1"]

1. e4 e5 2. Nf3 Nc6 3. Bb5 Bc5 4. 0-0 Qf6 5. Nc3 Nge7 6. Nd5 Nxd5 7. exd5 Ne7 8. Re1 0-0 9. d4 Bxd4 10. Bg5 Bxf2+ 11. Kxf2 Qb6+ 12. Re3 f6 13. d6 Nf5 14. Bc4+ Kh8 15. Bd3 Nxd6 16. Ke2 e4 17. Bxe4 Nxe4 18. Rxe4 fxg5 19. Qd5 d6 20. Rf1 Bf5 21. Re7 Rae8 22. Rxe8 Rxe8+ 23. Kd1 Qxb2 24. Qc4 d5 25. Qxd5 Qxc2# 0-1

[Event "RUS-ch U18"]
[Site "Dagomys"]
[Date "2009.04.23"]
[Round "9"]
[White "Karabakhtsian, Adroniks"]
[Black "Duzhakov, Ilya"]
[Result "0-1"]
[WhiteElo "2344"]
[BlackElo "2294"]
[PlyCount "120"]
[EventDate "2009.04.15"]
[EventType "swiss"]
[EventRounds "9"]
[EventCountry "RUS"]
[SourceTitle "CBM 130 Extra"]
[Source "ChessBase"]
[SourceDate "2009.07.02"]
[SourceVersion "2"]
[SourceVersionDate "2009.07.15"]
[SourceQuality "1"]

1. Nf3 Nf6 2. g3 d5 3. Bg2 c6 4. 0-0 Bf5 5. d3 h6 6. c4 e6 7. Qb3 Qc8 8. Nc3 Nbd7 9. Be3 Be7 10. Rac1 dxc4 11. dxc4 e5 12. Nh4 Bh7 13. Bh3 0-0 14. Nf5 Bxf5 15. Bxf5 Qc7 16. Qc2 Rfd8 17. Rfd1 Bc5 18. Bxc5 Nxc5 19. Nd5 cxd5 20. cxd5 b6 21. b4 g6 22. Bh3 Nxd5 23. bxc5 Nb4 24. Qb3 bxc5 25. a3 Na6 26. Qc4 Rd6 27. Bg2 Rb8 28. Rxd6 Qxd6 29. Bd5 Rf8 30. Bb7 Nb8 31. Qxc5 Qd2 32. Rc2 Qd1+ 33. Kg2 Nd7 34. Qc3 Rb8 35. Rd2 Qe1 36. Bc6 Rc8 37. Qd3 Nf6 38. Rd1 Qa5 39. Qb5 Qxa3 40. Bb7 Rc5 41. Qb1 Kg7 42. Kg1 a5 43. Kg2 Qb4 44. Qxb4 axb4 45. Rb1 Rb5 46. Ba6 Rb6 47. Bc4 Ne4 48. Rb2 f5 49. f3 Nc3 50. Rd2 Kf6 51. Rd7 g5 52. h4 gxh4 53. gxh4 b3 54. Rf7+ Kg6 55. h5+ Kg5 56. Kg3 f4+ 57. Kh3 e4 58. fxe4 Nxe4 59. Rg7+ Kf5 60. Bd3 b2 0-1

[Event "RUS-ch U18"]
[Site "Dagomys"]
[Date "2009.04.21"]
[Round "7"]
[White "Karabakhtsian, Adroniks"]
[Black "Balakirev, Ilya"]
[Result "0-1"]
[WhiteElo "2344"]
[BlackElo "2278"]
[PlyCount "62"]
[EventDate "2009.04.15"]
[EventType "swiss"]
[EventRounds "9"]
[EventCountry "RUS"]
[SourceTitle "CBM 130 Extra"]
[Source "ChessBase"]
[SourceDate "2009.07.02"]
[SourceVersion "2"]
[SourceVersionDate "2009.07.15"]
[SourceQuality "1"]

1. e4 c5 2. Nf3 e6 3. d3 d5 4. Qe2 Nf6 5. g3 Be7 6. e5 Nfd7 7. Bg2 Nc6 8. h4 0-0 9. c4 f6 10. exf6 Nxf6 11. Bh3 e5 12. Bxc8 Rxc8 13. 0-0 dxc4 14. Rd1 cxd3 15. Rxd3 Qc7 16. Re3 Bd6 17. Na3 a6 18. Ng5 Nd4 19. Qc4+ Kh8 20. Ne6 Nxe6 21. Qxe6 Rce8 22. Qb3 b5 23. Re2 c4 24. Qc2 Bc5 25. Be3 Bxe3 26. Rxe3 Ng4 27. Re2 Qc5 28. Rf1 e4 29. Rxe4 Rxe4 30. Qxe4 Rxf2 31. b4 Rxf1+ 0-1

[Event "Armavir Kovcheg Rating"]
[Site "Armavir"]
[Date "2008.11.15"]
[Round "2"]
[White "Maiorov, Boris"]
[Black "Karabakhtsian, Adroniks"]
[Result "0-1"]
[WhiteElo "2304"]
[BlackElo "2284"]
[PlyCount "58"]
[EventDate "2008.11.14"]
[EventType "tourn"]
[EventRounds "9"]
[EventCountry "RUS"]
[EventCategory "4"]
[SourceTitle "EXT 2022"]
[Source "ChessBase"]
[SourceDate "2021.10.06"]
[SourceVersion "1"]
[SourceVersionDate "2021.10.06"]
[SourceQuality "1"]

1. e4 e5 2. Nf3 Nc6 3. Bb5 f5 4. Nc3 fxe4 5. Nxe4 d5 6. Ng3 Bg4 7. 0-0 Qf6 8. Re1 Nge7 9. d4 0-0-0 10. Bg5 Bxf3 11. Bxf6 Bxd1 12. Bxe7 Nxe7 13. Raxd1 c6 14. Bf1 e4 15. b3 h5 16. c4 Kb8 17. cxd5 cxd5 18. Rc1 Nc6 19. Red1 g6 20. Bb5 Ba3 21. Rb1 Nb4 22. Rd2 a6 23. Be2 Rc8 24. Nf1 Bc1 25. Rd1 Nxa2 26. Ra1 Nc3 27. Re1 Bb2 28. Ra5 b6 29. Rxa6 Kb7 0-1

[Event "Armavir Kovcheg Rating"]
[Site "Armavir"]
[Date "2008.11.14"]
[Round "1"]
[White "Karabakhtsian, Adroniks"]
[Black "Magomedov, Murad"]
[Result "1-0"]
[WhiteElo "2284"]
[BlackElo "2308"]
[PlyCount "111"]
[EventDate "2008.11.14"]
[EventType "tourn"]
[EventRounds "9"]
[EventCountry "RUS"]
[EventCategory "4"]
[SourceTitle "EXT 2022"]
[Source "ChessBase"]
[SourceDate "2021.10.06"]
[SourceVersion "1"]
[SourceVersionDate "2021.10.06"]
[SourceQuality "1"]

1. e4 c6 2. d4 d5 3. Nc3 dxe4 4. Nxe4 Bf5 5. Ng3 Bg6 6. h4 h6 7. Nf3 Nd7 8. h5 Bh7 9. Bd3 Bxd3 10. Qxd3 e6 11. Bf4 Ngf6 12. 0-0-0 Be7 13. Kb1 0-0 14. Rhe1 Qa5 15. Bd2 Qa4 16. Nf5 Rfe8 17. Rxe6 fxe6 18. Nxg7 Bf8 19. Nxe8 Rxe8 20. Qg6+ Bg7 21. Bxh6 Re7 22. Re1 Nf8 23. Qg3 Qa5 24. Bg5 Rf7 25. h6 Nh5 26. Qg4 Rxf3 27. Re5 Bxe5 28. Bd2+ Ng7 29. Bxa5 Rxf2 30. Bd2 Rxd2 31. dxe5 Rd7 32. c4 Kh7 33. hxg7 Rxg7 34. Qh4+ Kg8 35. g4 Rf7 36. Kc2 Kg7 37. Qg5+ Ng6 38. Qd8 Rf2+ 39. Kc3 Rf3+ 40. Kb4 Rf7 41. a4 b6 42. Qd6 c5+ 43. Kb5 Nf8 44. Qb8 Rd7 45. Kc6 Rf7 46. a5 bxa5 47. Qb5 Kh6 48. Qxa5 Kg5 49. Qxc5 Ng6 50. Qe3+ Kxg4 51. Kd6 Nf8 52. c5 Rd7+ 53. Kc6 Rf7 54. Qg1+ Kh5 55. Qg8 Rf5 56. Kd6 1-0

[Event "Krasnodar Region-ch op"]
[Site "Krasnodar"]
[Date "2008.10.??"]
[Round "3"]
[White "Karabakhtsian, Adroniks"]
[Black "Magomedov, Murad"]
[Result "0-1"]
[WhiteElo "2284"]
[BlackElo "2308"]
[PlyCount "54"]
[EventDate "2008.10.18"]
[EventType "swiss"]
[EventRounds "9"]
[EventCountry "RUS"]
[SourceTitle "EXT 2022"]
[Source "ChessBase"]
[SourceDate "2021.10.06"]
[SourceVersion "1"]
[SourceVersionDate "2021.10.06"]
[SourceQuality "1"]

1. e4 c6 2. d4 d5 3. exd5 cxd5 4. Bd3 Nc6 5. c3 g6 6. h3 Bg7 7. Nf3 Nh6 8. 0-0 0-0 9. Re1 f6 10. c4 dxc4 11. Bxc4+ Kh8 12. d5 Ne5 13. Nxe5 fxe5 14. Bxh6 Bxh6 15. Rxe5 Qc7 16. Qe2 b5 17. Bxb5 Qc1+ 18. Kh2 Bf4+ 19. g3 Bxe5 20. Qxe5+ Kg8 21. Qe2 Rb8 22. Bc4 Rxb2 23. d6+ e6 24. Bxe6+ Bxe6 25. Qxe6+ Kg7 26. Qe7+ Rf7 27. Qe5+ Kh6 0-1

[Event "Krasnodar Region-ch op"]
[Site "Krasnodar"]
[Date "2008.10.??"]
[Round "7"]
[White "Karabakhtsian, Adroniks"]
[Black "Muselimyan, Mesrop"]
[Result "0-1"]
[WhiteElo "2284"]
[BlackElo "2000"]
[PlyCount "44"]
[EventDate "2008.10.18"]
[EventType "swiss"]
[EventRounds "9"]
[EventCountry "RUS"]
[SourceTitle "EXT 2022"]
[Source "ChessBase"]
[SourceDate "2021.10.06"]
[SourceVersion "1"]
[SourceVersionDate "2021.10.06"]
[SourceQuality "1"]

1. d4 Nf6 2. Nf3 e6 3. c4 b6 4. a3 Bb7 5. Nc3 d5 6. Bf4 Bd6 7. Ne5 Nh5 8. e3 Nxf4 9. exf4 dxc4 10. Qg4 0-0 11. Bxc4 Nc6 12. Rd1 Ne7 13. Bd3 Nd5 14. Ne4 f5 15. Ng5 Bxe5 16. Qh3 h6 17. Nxe6 Qe7 18. Bxf5 Nxf4 19. Qg4 h5 20. Nxf4 hxg4 21. Ng6 Qf6 22. dxe5 Rae8 0-1

[Event "Krasnodar Region-ch op"]
[Site "Krasnodar"]
[Date "2008.10.??"]
[Round "8"]
[White "Karabakhtsian, Adroniks"]
[Black "Poliakov, Yury"]
[Result "0-1"]
[WhiteElo "2284"]
[BlackElo "2230"]
[PlyCount "56"]
[EventDate "2008.10.18"]
[EventType "swiss"]
[EventRounds "9"]
[EventCountry "RUS"]
[SourceTitle "EXT 2022"]
[Source "ChessBase"]
[SourceDate "2021.10.06"]
[SourceVersion "1"]
[SourceVersionDate "2021.10.06"]
[SourceQuality "1"]

1. g3 d5 2. Nf3 Nf6 3. Bg2 c6 4. 0-0 Bf5 5. d3 e6 6. Nbd2 Be7 7. Re1 h6 8. c3 0-0 9. Qb3 Nbd7 10. Nd4 Nc5 11. Qc2 Bh7 12. b4 Ncd7 13. e4 c5 14. bxc5 Nxc5 15. N2b3 Rc8 16. Nxc5 Bxc5 17. Qb2 Bb6 18. e5 Nd7 19. Qd2 Nc5 20. Ba3 Ba5 21. Nb5 d4 22. Nxd4 Nxd3 23. Qe2 Bxc3 24. Nb5 Bxe1 25. Rxe1 Nxe1 26. Qxe1 Qd3 27. Bf1 Qb1 28. Qxb1 Bxb1 0-1

[Event "Anapa2"]
[Site "Anapa"]
[Date "2008.09.12"]
[Round "6"]
[White "Mokhna, Natalia"]
[Black "Karabakhtsian, Adroniks"]
[Result "0-1"]
[WhiteElo "2137"]
[BlackElo "2248"]
[PlyCount "78"]
[EventDate "2008.09.09"]
[EventType "tourn"]
[EventRounds "11"]
[EventCountry "RUS"]
[EventCategory "4"]
[SourceTitle "EXT 2010"]
[Source "ChessBase"]
[SourceDate "2010.11.25"]
[SourceVersion "1"]
[SourceVersionDate "2010.11.25"]
[SourceQuality "1"]

1. e4 e5 2. Nf3 Nc6 3. d4 exd4 4. Nxd4 Nf6 5. Nxc6 bxc6 6. Bd3 d5 7. e5 Ng4 8. 0-0 Bc5 9. Qe2 Qe7 10. Bf4 g5 11. Bd2 Nxe5 12. Re1 Nxd3 13. Qxd3 Be6 14. Be3 Bxe3 15. Qxe3 0-0 16. Nd2 h6 17. c4 Qf6 18. b3 Rfe8 19. Qc5 Qf4 20. Rad1 Qd6 21. Qa5 Bf5 22. g3 Bg4 23. Rc1 Bh3 24. Nf3 d4 25. Qd2 c5 26. Qd3 Qc6 27. Rcd1 Rxe1+ 28. Rxe1 Re8 29. Rc1 Re6 30. a3 a5 31. Ra1 Qb7 32. Rc1 Rb6 33. Rb1 Rf6 34. Ne1 Bf5 35. Qd1 Bxb1 36. Qxb1 a4 37. b4 cxb4 38. axb4 a3 39. Qb3 Qe4 0-1

[Event "Anapa"]
[Site "Anapa"]
[Date "2008.09.07"]
[Round "14"]
[White "Karabakhtsian, Adroniks"]
[Black "Kostromin, Mikhail"]
[Result "1/2-1/2"]
[WhiteElo "2248"]
[BlackElo "2363"]
[PlyCount "24"]
[EventDate "2008.08.31"]
[EventType "tourn"]
[EventRounds "15"]
[EventCountry "RUS"]
[EventCategory "3"]
[SourceTitle "CBM 126 Extra"]
[Source "ChessBase"]
[SourceDate "2008.11.05"]
[SourceVersion "1"]
[SourceVersionDate "2008.11.05"]
[SourceQuality "1"]

1. e4 e5 2. Nf3 Nf6 3. Nxe5 d6 4. Nf3 Nxe4 5. Qe2 Qe7 6. d3 Nf6 7. Bg5 Qxe2+ 8. Bxe2 Be7 9. Nc3 c6 10. 0-0-0 0-0 11. h3 Na6 12. Rhe1 Re8 1/2-1/2

[Event "Anapa"]
[Site "Anapa"]
[Date "2008.09.06"]
[Round "12"]
[White "Karabakhtsian, Adroniks"]
[Black "Sergeev, Albert"]
[Result "1-0"]
[WhiteElo "2248"]
[BlackElo "2379"]
[PlyCount "73"]
[EventDate "2008.08.31"]
[EventType "tourn"]
[EventRounds "15"]
[EventCountry "RUS"]
[EventCategory "3"]
[SourceTitle "CBM 126 Extra"]
[Source "ChessBase"]
[SourceDate "2008.11.05"]
[SourceVersion "1"]
[SourceVersionDate "2008.11.05"]
[SourceQuality "1"]

1. e4 c5 2. Nf3 d6 3. d4 cxd4 4. Nxd4 Nf6 5. Nc3 e6 6. Be2 Be7 7. 0-0 0-0 8. f4 Nc6 9. Be3 Bd7 10. Nb3 a6 11. a4 b6 12. Bf3 Qc7 13. g4 Bc8 14. g5 Nd7 15. Bg2 Bb7 16. Rf3 Rfe8 17. Rh3 g6 18. Qe1 Bf8 19. Qh4 h6 20. gxh6 Kh7 21. f5 Nce5 22. fxe6 fxe6 23. Nd4 Qc4 24. Nce2 Be7 25. Qg3 Bf6 26. b3 Qc7 27. Rf1 Rac8 28. Nf4 Nc5 29. Nxg6 Bxe4 30. Rxf6 Bxg6 31. Qh4 Qe7 32. Bg5 Qd7 33. b4 Nxa4 34. Be4 Bxe4 35. Qxe4+ Kh8 36. Rg6 Rf8 37. Rg7 1-0

[Event "Anapa"]
[Site "Anapa"]
[Date "2008.09.04"]
[Round "8"]
[White "Karabakhtsian, Adroniks"]
[Black "Maiorov, Oleg Ivanovich"]
[Result "1-0"]
[WhiteElo "2248"]
[BlackElo "2444"]
[PlyCount "57"]
[EventDate "2008.08.31"]
[EventType "tourn"]
[EventRounds "15"]
[EventCountry "RUS"]
[EventCategory "3"]
[SourceTitle "CBM 126 Extra"]
[Source "ChessBase"]
[SourceDate "2008.11.05"]
[SourceVersion "1"]
[SourceVersionDate "2008.11.05"]
[SourceQuality "1"]

1. d4 d5 2. c4 e6 3. Nc3 c5 4. cxd5 cxd4 5. Qa4+ b5 6. Nxb5 Bd7 7. d6 Bxb5 8. Qxb5+ Nd7 9. Nf3 Bxd6 10. g3 e5 11. Bg2 Ne7 12. 0-0 0-0 13. e3 dxe3 14. Bxe3 Rb8 15. Qa6 Qc7 16. Rac1 Nc5 17. Qa3 Ne6 18. Rxc7 Bxa3 19. Rd7 Rxb2 20. Bc1 Nc6 21. Bxb2 Bxb2 22. Rb1 Bd4 23. Nxd4 Nexd4 24. Bxc6 Nxc6 25. Rc7 Nd4 26. Rxa7 g6 27. a4 Nc6 28. Rc7 Nd4 29. Rbb7 1-0

[Event "Doroshkevich Memorial op"]
[Site "Maikop"]
[Date "2008.05.30"]
[Round "7"]
[White "Makarkin, Zhan"]
[Black "Karabakhtsian, Adroniks"]
[Result "0-1"]
[WhiteElo "2147"]
[BlackElo "2273"]
[PlyCount "80"]
[EventDate "2008.05.24"]
[EventType "swiss"]
[EventRounds "9"]
[EventCountry "RUS"]
[SourceTitle "CBM 124 Extra"]
[Source "ChessBase"]
[SourceDate "2008.07.03"]
[SourceVersion "1"]
[SourceVersionDate "2008.07.03"]
[SourceQuality "1"]

1. e4 e5 2. Nf3 Nc6 3. Bb5 Bc5 4. 0-0 Qf6 5. c3 Nge7 6. d3 h6 7. Nbd2 d6 8. a4 a6 9. Bc4 Ng6 10. Nb3 Ba7 11. Be3 Nf4 12. Qd2 g5 13. Bxa7 Nxa7 14. d4 Bg4 15. dxe5 dxe5 16. Ne1 Nc8 17. f3 Be6 18. Bxe6 Qxe6 19. Nc5 Qc6 20. Ncd3 Nd6 21. g3 Nc4 22. Qc2 Ne3 23. Qd2 Nxf1 24. Kxf1 Nxd3 25. Nxd3 0-0-0 26. Qe2 f5 27. Nxe5 Qe6 28. Nc4 fxe4 29. fxe4 Rhf8+ 30. Kg2 Rd7 31. Rf1 Rxf1 32. Kxf1 Re7 33. e5 b5 34. axb5 axb5 35. Na3 Qxe5 36. Qxb5 Qe1+ 37. Kg2 Re2+ 38. Kh3 Qf1+ 39. Kg4 Re4+ 40. Kh5 Qf7+ 0-1

[Event "Doroshkevich Memorial op"]
[Site "Maikop"]
[Date "2008.05.29"]
[Round "6"]
[White "Karabakhtsian, Adroniks"]
[Black "Pivovarova, Maria"]
[Result "1-0"]
[WhiteElo "2273"]
[BlackElo "2040"]
[PlyCount "45"]
[EventDate "2008.05.24"]
[EventType "swiss"]
[EventRounds "9"]
[EventCountry "RUS"]
[SourceTitle "CBM 124 Extra"]
[Source "ChessBase"]
[SourceDate "2008.07.03"]
[SourceVersion "1"]
[SourceVersionDate "2008.07.03"]
[SourceQuality "1"]

1. e4 Nc6 2. Nf3 d6 3. d4 g6 4. d5 Nb8 5. c4 Bg7 6. Be2 e5 7. 0-0 Ne7 8. Be3 0-0 9. c5 Nd7 10. cxd6 cxd6 11. Na3 f5 12. exf5 gxf5 13. Nb5 Nb6 14. Rc1 f4 15. Bxb6 axb6 16. Nc7 Ra5 17. Ng5 Rf6 18. Nge6 Bxe6 19. Nxe6 Qb8 20. Bh5 Rxd5 21. Qg4 Nf5 22. Nxg7 Nxg7 23. Rc8+ 1-0

[Event "Anapa"]
[Site "Anapa"]
[Date "2007.09.??"]
[Round "11"]
[White "Karabakhtsian, Adroniks"]
[Black "Magomedov, Murad"]
[Result "0-1"]
[WhiteElo "2302"]
[BlackElo "2235"]
[PlyCount "58"]
[EventDate "2007.09.??"]
[EventType "tourn"]
[EventRounds "11"]
[EventCountry "RUS"]
[EventCategory "2"]
[SourceTitle "EXT 2009"]
[Source "ChessBase"]
[SourceDate "2008.11.26"]
[SourceVersion "1"]
[SourceVersionDate "2008.11.26"]
[SourceQuality "1"]

1. Nf3 c6 2. g3 d5 3. Bg2 Nf6 4. 0-0 Bf5 5. d3 e6 6. c4 Nbd7 7. Nc3 h6 8. Be3 Be7 9. Qb3 Qb8 10. cxd5 exd5 11. Rac1 0-0 12. Nd4 Bg6 13. Bf4 Nc5 14. Qc2 Qd8 15. Na4 Nxa4 16. Qxa4 Re8 17. e4 Nd7 18. exd5 Nc5 19. Rxc5 Bxc5 20. Nb3 Bb6 21. dxc6 bxc6 22. Bxc6 Bxd3 23. Bxe8 Bxf1 24. Bxf7+ Kxf7 25. Kxf1 Qd5 26. Kg1 Re8 27. Nd2 Re2 28. Qb3 Qxb3 29. axb3 g5 0-1